LEADER 01235nam a2200289 u 4500 001 000000029580 003 CaOOAMICUS 005 20070226111931.0 008 970423s1995 it u000 u ita u 035 $a10759689 040 $aBAV$bita 041 0 $aita$alat 100 1 $aBarberi, Piero.$0(OLS)http://pul/name/23900 245 10$aConcordantiae missalis ambrosiani :$borationes et praefationes /$cPiero Barberi. 260 $aRoma :$bC.L.V.,$c1995. 300 $axii, 1472 p. ;$c25 cm 490 1 $aBibliotheca "Ephemerides liturgicae".$aSubsidia ;$v81 630 04$aMissale ambrosianum$xConcordanze.$0(OLS)http://pul/subject/16985 650 4$aLibri liturgici.$0(OLS)http://pul/subject/790 730 0 $aMissale ambrosianum.$0(OLS)http://pul/title/40523 830 0$aBibliotheca "Ephemerides liturgicae".$pSubsidia ;$v81.$0(OLS)http://pul/title/81 850 $aPUL 852 $aPUL$W1$xDP2 Religione 1$y63$m11 B 38$j40961$nBK-PRI$qStampati$B40961$CPULBib$Z2$F40961 $H75345 $82 941 1 $a8 961 $aINV: 75345 996 $6245$aConcordantiae missalis ambrosiani :$borationes et praefationes$9(OLS)http://pul/title/40522 996 $6260$aRoma :$bC.L.V.$9(OLS)http://pul/publisher/60166 LEADER 01648nam a2200337 u 4500 001 000000049356 003 CaOOAMICUS 005 20070226115112.0 008 000626s1982 miu u000 u eng u 020 $a0802823815(v.1) 020 $a0802823815(v.2) 035 $a10851091 040 $aPUL(R)$bita 041 0 $aeng$aheb 100 1 $aSanford Lasor, William.$0(OLS)http://pul/name/35698 245 10$aHandbook of Biblical Hebrew :$ban introductive approach based on the Hebrew text of Ester /$cby Willian Sanford Lasor. 260 $aGrand Rapids, Michigan :$bEerdmans,$c1982. 300 $a2 v. ;$c25 cm 505 0 $aVol. 1.: Reading lessons keyed to the Grammar -- v. 2: Grammar, Synoptic Paradigms, basic vocabulary. 630 04$aBiblia.$pV.T.$pEsther.$0(OLS)http://pul/subject/3087 650 4$aLingua ebraica biblica$xGrammatica.$0(OLS)http://pul/subject/5543 850 $aPUL 852 $aPUL$W1$xDP1 Fondo Ciprotti$y59$m1532 C 39$j65588$nBK-PRI$b $qFondi$B65588$CPULBib$Z2$F65588 $H $81 852 $aPUL$W1$xDP1 Fondo Ciprotti$y59$m1532 C 40$j65589$nBK-PRI$b $qFondi$B65589$CPULBib$Z2$F65589 $H $81 941 1 $a1 961 $aINV: 0084. Fondo Ciprotti 961 $aINV: 0065. Fondo Ciprotti 996 $6020$a0802823815(v.1)$9(OLS)http://pul/number/62331 996 $6020$a0802823815(v.2)$9(OLS)http://pul/number/62332 996 $6245$aHandbook of Biblical Hebrew :$ban introductive approach based on the Hebrew text of Ester$9(OLS)http://pul/title/66566 996 $6260$aGrand Rapids, Michigan :$bEerdmans$9(OLS)http://pul/publisher/67282